Manteniment dels centres docents públics d'educació infantil i primària i d'educació especial
ISBN:
84-7794-730-9
Descripción Física:
52 p. ; 28 cm
Colección:
Col·lecció guies metodològiques ; 4
MARC
| LEADER | 00000nam a2200000Ia 4500 | ||
|---|---|---|---|
| 001 | 13588 | ||
| 008 | 160829s9999 xx 000 0 cat d | ||
| 020 | |a 84-7794-730-9 | ||
| 080 | |a E-1-216 | ||
| 245 | |a Manteniment dels centres docents públics d'educació infantil i primària i d'educació especial | ||
| 250 | |a Ed. no venal | ||
| 260 | |a [Barcelona] : |b Diputació de Barcelona, Àrea d'Educació, cop. 2000 | ||
| 300 | |a 52 p. ; |c 28 cm | ||
| 490 | |a Col·lecció guies metodològiques ; 4 | ||
| 650 | |a Escoles públiques |x Manteniment |9 21931 | ||
| 650 | |a Educació infantil |x Escoles |x Manteniment |9 21932 | ||
| 650 | |a Escoles primàries |x Manteniment I |9 21933 | ||
| 650 | |a Educació especial |x Escoles |x Manteniment |9 21934 | ||
| 710 | |a Barcelona (Catalunya : Província). |b Àrea d'Educació |9 8009 | ||
| 901 | |a Arxiu | ||
| 942 | |n 1 | ||
| 952 | |0 0 |1 0 |4 0 |6 E1216 |7 1 |9 41947 |a Arxiu |b Arxiu |d 2016-12-01 |l 0 |o E-1-216 |p 13588 |r 2016-12-01 00:00:00 |w 2016-12-01 |y ARXIU | ||
| 999 | |c 44394 |d 44394 | ||